Essai d'une philosophie première: l'existence idéaliste et l'exigence morale
Gardado en:
| Autor Principal: | |
|---|---|
| Formato: | Libro |
| Idioma: | francés |
| Publicado: |
París
Universitaires de France
1956
|
| Series: | Bibliothèque de Philosophie Contemporaine
|
| Subjects: | |
| Tags: |
Engadir etiqueta
Sen Etiquetas, Sexa o primeiro en etiquetar este rexistro!
|
MARC
| LEADER | 00000nam a2200000 a 4500 | ||
|---|---|---|---|
| 001 | UCZ3821 | ||
| 003 | CL-VaPUC | ||
| 008 | 951027e19560000FR |||||||||||||||||fre|d | ||
| 082 | 0 | 4 | |a 144 |b LER |2 21 |
| 100 | |a Le Roy, Edouard |e author |9 348490 | ||
| 245 | 1 | 0 | |a Essai d'une philosophie première: l'existence idéaliste et l'exigence morale |
| 300 | |a v | ||
| 942 | |c BK | ||
| 945 | |d 19951027 00:00:00 |a cmena | ||
| 260 | |a París |b Universitaires de France |c 1956 | ||
| 500 | |a v.1: La pensée | ||
| 500 | |a v.2: L'action | ||
| 650 | 0 | |a Idealismo |9 265685 | |
| 650 | 0 | |a Ética |9 255099 | |
| 650 | 0 | |a Conceptos morales |9 310606 | |
| 650 | 0 | |a Teoría del conocimiento |9 255038 | |
| 650 | 0 | |a Inteligencia |9 267038 | |
| 650 | 7 | |a HOMBRE |2 CL-VaPUC |9 262149 | |
| 583 | |a last modification |c 19951027 00:00:00 |k Rodrigo Vera | ||
| 490 | 0 | |a Bibliothèque de Philosophie Contemporaine | |
| 999 | |c 240268 |d 240266 | ||
| 952 | |0 0 |1 0 |4 0 |6 144_000000000000000_LER_1956 |7 0 |8 P |9 252050 |a BIBEDU |b BIBEDU |c BIBEDU_PB |d 2019-11-18 |h v.1 |i 1590855 |o 144 LER 1956 |p 1590855 |r 2024-01-25 |w 2019-11-18 |y BK |k FIL | ||
| 952 | |0 0 |1 0 |4 0 |6 144_000000000000000_LER_1956 |7 0 |8 P |9 252051 |a BIBEDU |b BIBEDU |c BIBEDU_PB |d 2019-11-18 |h v.2 |i 1590863 |o 144 LER 1956 |p 1590863 |r 2024-01-25 |w 2019-11-18 |y BK |k FIL | ||